000 00353 a2200157 4500
001 148695
040 _cEscola São Tomás de Aquino
100 _aREYES, Maya
240 1 0 _aUma aventura no quintal
_lpor
245 1 0 _aUma aventura no quintal
300 _a47
362 0 _a2008
440 1 _aModerna
697 _a*LITERATURA INFANTO
942 _cBK
999 _c148695
_d148695